El Desarrollo sostenible /
La sostenibilidad es condición de la coexistencia armómica del hombre con su medio. Esto asegura una mejor calidad de vida, reducción de problemas sociales, menos migración del campo a la ciudad, seguridad de educación a los miembros de la familia. En el desarrollo sostenible se toma en consideració...
সংরক্ষণ করুন:
| প্রধান লেখক: | |
|---|---|
| বিন্যাস: | পাঠ্য |
| বিষয়গুলি: | |
| ট্যাগগুলো: |
ট্যাগ যুক্ত করুন
কোনো ট্যাগ নেই, প্রথমজন হিসাবে ট্যাগ করুন!
|
MARC
| LEADER | 00000 a a2200000 04500 | ||
|---|---|---|---|
| 001 | 2892 | ||
| 003 | |||
| 040 | |||
| 100 | |a Sánchez, Rosa | ||
| 245 | |a El Desarrollo sostenible / |c Rosa Sánchez | ||
| 520 | |a La sostenibilidad es condición de la coexistencia armómica del hombre con su medio. Esto asegura una mejor calidad de vida, reducción de problemas sociales, menos migración del campo a la ciudad, seguridad de educación a los miembros de la familia. En el desarrollo sostenible se toma en consideración la población sus necesidades y consumo, los recursos, la tecnología, la producción, la productividad, capacidad de carga, distribución y acceso a los recursos, rentabilidad, institucionalidad, variables sociales y el tiempo. Por otra parte, se indica que es importante desde el punto de vista socioeconómico, conocer sobre la población rural económicamente activa, población dedicada a la agricultura, ingreso promedio de personas ocupadas, número de viviendas en las zonas rurales y urbanas, servicios recibidos (agua potable, electricidad, alcantarillado y otros) |a además, la utilización de la tierra, evaluación de los principales productos agropecuarios, del nivel de precios, superficie y volumen físico de la finca y crédito agropecuario. En síntesis el desarrollo sostenible es una alternativa de administración de los recursos naturales donde el factor principal es el hombre. OB/LOB | ||
| 650 | |a MEDIO AMBIENTE | ||
| 650 | |a ESTRATEGIA DEL DESARROLLO | ||
| 650 | |a RECURSOS NATURALES | ||
| 650 | |a CONDICIONES DE VIDA | ||
| 650 | |a CAMBIO TECNOLOGICO | ||
| 650 | |a PARTICIPACION SOCIAL | ||
| 650 | |a PODER POLITICO | ||
| 650 | |a IDEOLOGIAS | ||
| 650 | |a AGUA POTABLE | ||
| 650 | |a ELECTRICIDAD | ||
| 650 | |a PRODUCTO INTERNO BRUTO | ||
| 650 | |a POBLACION ACTIVA | ||
| 650 | |a PRODUCCION | ||
| 650 | |a DESARROLLO SUSTENTA | ||
| 773 | |g volumen 19, número 1 -2; páginas 27-37 | ||
| 999 | |c 26790 |d 26790 | ||
